Statistiken für Formel 1 Streckenlayouts

Klicken Sie hier um das Quiz zu spielen!

Allgemein

  • Dieses Quiz wurde 3.799 mal gespielt
    (3.795 seit der letzten Aktualisierung)
  • Das Durchschnittsergebnis liegt bei 12 aus 20

Antwortstatistiken

Antwort% Korrekt
Monaco
95%
Italien
74%
China
70%
Aserbaidschan
69%
Japan
69%
Bahrain
68%
Belgien
68%
Vereinigtes Königreich
68%
Russland
64%
Spanien
64%
Ungarn
61%
Deutschland
60%
Kanada
60%
Australien
54%
Brasilien
53%
Vereinigte Arabische Emirate
50%
USA
49%
Vietnam
48%
Mexiko
46%
Niederlande
46%

Verteilung der Resultate

Perzentil nach korrekt beantworteten Fragen

Anzahl Personen mit jedem Resultat

Ihre Resultats-Entwicklung

Sie haben dieses Quiz seit der letzten Aktualisierung nicht gespielt